Central Library OPAC University of Rajshahi

No reason for murder / (Record no. 62860)

MARC details
000 -LEADER
fixed length control field 00744nam a2200253 a 4500
001 - CONTROL NUMBER
control field 62860
003 - CONTROL NUMBER IDENTIFIER
rucl marc code BD-RJUL
005 - DATE AND TIME OF LATEST TRANSACTION
control field 20211209081132.0
008 - FIXED-LENGTH DATA ELEMENTS--GENERAL INFORMATION
fixed length control field 170126s2003 enkb 000 1 eng d
020 ## - INTERNATIONAL STANDARD BOOK NUMBER
International Standard Book Number 4925080636 (cover)
International Standard Book Number 4925080633 (t.p. verso)
035 ## - SYSTEM CONTROL NUMBER
System control number (BD-RJUL)62988
040 ## - CATALOGING SOURCE
Original cataloging agency LWU
Transcribing agency LWU
Modifying agency IXA
-- BD-RJUL
Language of cataloging eng
041 ## - LANGUAGE CODE
Language code of text/sound track or separate title eng
082 ## - DEWEY DECIMAL CLASSIFICATION NUMBER
Edition number 23
Classification number 895.63
Author mark and year SON 2003
100 1# - MAIN ENTRY--PERSONAL NAME
Personal name Sono, Ayako,
Dates associated with a name 1931-
9 (RLIN) 186882
245 10 - TITLE STATEMENT
Title No reason for murder /
Statement of responsibility, etc. Ayako Sono ; translated by Edward Putzar.
260 ## - PUBLICATION, DISTRIBUTION, ETC. (IMPRINT)
Place of publication, distribution, etc. London :
Name of publisher, distributor, etc. ICG Musen,
Date of publication, distribution, etc. c-19902003.
300 ## - PHYSICAL DESCRIPTION
Pagination 422 p. :
Illustrations ill, ;
Size 22 cm.
650 ## - SUBJECT ADDED ENTRY--TOPICAL TERM
Topical term or geographic name as entry element Serial murderers -- Fiction
9 (RLIN) 186883
700 1# - ADDED ENTRY--PERSONAL NAME
Personal name Putzar, Edward.
942 ## - ADDED ENTRY ELEMENTS (KOHA)
Source of classification or shelving scheme Dewey Decimal Classification
Koha item type Books
Holdings
Lost status Source of classification or shelving scheme Damaged status Not for loan Collection code Permanent Location Current Location Shelving location Date acquired Source of acquisition Total Checkouts Full call number Date last seen Copy number Koha item type
  Dewey Decimal Classification   Not For Loan Fiction Central Library, University of Rajshahi Central Library, University of Rajshahi Reading Room 17/07/2007 Asia foundation   895.63 SON 2003 26/01/2017 C-1 Books